Combinatory analysis / (Record no. 63947)
[ view plain ]
| 000 -LEADER | |
|---|---|
| fixed length control field | 00929 a2200265 4500 |
| 001 - CONTROL NUMBER | |
| control field | 63947 |
| 003 - CONTROL NUMBER IDENTIFIER | |
| control field | TR-AnTOB |
| 005 - DATE AND TIME OF LATEST TRANSACTION | |
| control field | 20241129155053.0 |
| 008 - FIXED-LENGTH DATA ELEMENTS--GENERAL INFORMATION | |
| fixed length control field | 071008n miua 00000 eng |
| 010 ## - LIBRARY OF CONGRESS CONTROL NUMBER | |
| LC control number | a 16000325 |
| 040 ## - CATALOGING SOURCE | |
| Original cataloging agency | Williams College. Libr./ICU |
| Transcribing agency | ICU |
| Modifying agency | DLC |
| 041 ## - LANGUAGE CODE | |
| Language code of text/sound track or separate title | İngilizce |
| 050 #0 - LIBRARY OF CONGRESS CALL NUMBER | |
| Classification number | QA165 |
| Item number | .M16 |
| 090 ## - LOCALLY ASSIGNED LC-TYPE CALL NUMBER (OCLC); LOCAL CALL NUMBER (RLIN) | |
| Classification number (OCLC) (R) ; Classification number, CALL (RLIN) (NR) | QA165 .M16 |
| 100 ## - MAIN ENTRY--PERSONAL NAME | |
| Personal name | MacMahon, Percy Alexander, |
| Dates associated with a name | 1854-1929 |
| 9 (RLIN) | 36975 |
| 245 #0 - TITLE STATEMENT | |
| Title | Combinatory analysis / |
| Statement of responsibility, etc. | by Major Percy A. MacMahon. |
| 264 #1 - PRODUCTION, PUBLICATION, DISTRIBUTION, MANUFACTURE, AND COPYRIGHT NOTICE | |
| Place of production, publication, distribution, manufacture | [n.p.]: |
| Name of producer, publisher, distributor, manufacturer | Scanned by Imagenes Digitales Nogales, AZ on behalf of Preservation Division The University of Michigan Libraries, |
| Date of production, publication, distribution, manufacture, or copyright notice | [date of publication not identified] |
| 300 ## - PHYSICAL DESCRIPTION | |
| Extent | v. |
| Other physical details | diagrs. |
| Dimensions | 26 cm. |
| 500 ## - GENERAL NOTE | |
| General note | Originally published by Cambridge University Press, 1915-1916. |
| 504 ## - BIBLIOGRAPHY, ETC. NOTE | |
| Bibliography, etc. note | |
| 650 ## - SUBJECT ADDED ENTRY--TOPICAL TERM | |
| Topical term or geographic name entry element | Kombinatoryal analiz |
| 9 (RLIN) | 21079 |
| Topical term or geographic name entry element | Combinatorial analysis |
| 9 (RLIN) | 2012 |
| 901 ## - LOCAL DATA ELEMENT A, LDA (RLIN) | |
| a | 0021416 |
| 942 ## - ADDED ENTRY ELEMENTS (KOHA) | |
| Koha item type | Book |
| Withdrawn status | Lost status | Source of classification or shelving scheme | Materials specified (bound volume or other part) | Not for loan | Collection code | Home library | Current library | Shelving location | Date acquired | Source of acquisition | Serial Enumeration / chronology | Inventory number | Total Checkouts | Total Holds | Full call number | Barcode | Copy number | Date shelved | Koha item type |
|---|---|---|---|---|---|---|---|---|---|---|---|---|---|---|---|---|---|---|---|
| C.1 | Ödünç Verilebilir / Available | Genel Koleksiyon | Merkez Kütüphane | Merkez Kütüphane | Genel Koleksiyon / Main Collection | 08/12/2007 | Satın Alma / Purchase | 1 | MAT | QA165 .M16 | 0021416 | 1 | 21/04/2010 | Book |
